Biblioteca

Hacer teología desde la investigación acción participativa : (Registro nro. 63995)

Detalles MARC
000 -LÍDER
Campo fijo de descripción fija 01947nas a2200277 4500
001 - NÚMERO DE CONTROL
Campo de control 768714001
003 - IDENTIFICADOR DEL NÚMERO DE CONTROL
Campo de control CO-MdFUSB
005 - FECHA Y HORA DE LA ULTIMA TRANSACCIÓN
control field 20170825153344.0
008 - ELEMENTOS DE LONGITUD FIJA -- INFORMACIÓN GENERAL
Campo fijo de descripción fija -- Información general 170822s2017 ck ||||| |||| 00| 0 spa d
022 ## - NÚMERO INTERNACIONAL NORMALIZADO PARA PUBLICACIONES SERIADAS
Número Internacional Normalizado para Publicaciones Seriadas 0120-3649
040 ## - FUENTE DE CATALOGACIÓN
Agencia Catalogadora CO-MdFUSB
Idioma de catalogación spa
Agencia que realiza la transcripción CO-MdFUSB
Agencia que realiza la modificación CO-MdFUSB
041 ## - CÓDIGO DE IDIOMA
Código de idioma para texto/pista de sonido o título separado spa
100 ## - ASIENTO PRINCIPAL--NOMBRE PERSONAL
Nombre personal Meza Rueda, José Luis
Término relacionador autor
245 1# - TÍTULO
Título Hacer teología desde la investigación acción participativa :
Subtitulo experiencia con un grupo de mujeres que vive con VIH
Mención de responsabilidad / Meza Rueda, José Luis
300 ## - DESCRIPCIÓN FÍSICA
Extensión Volumen 67. Número 183 (2001), páginas 141-161
Dimensiones : 24 cm.
520 1# - NOTA DE RESUMEN, ETC.
Nota de sumario, etc. Un amplio sector de la teología considera que su finalidad es la interpretación de la historia desde el horizonte del revelado. De igual manera, las ciencias sociales se preguntan por la posibilidad de una perspectiva crítica capaz de dar reconocimiento y participación a los sujetos implicados en los problemas y fenómenos sociales de su interés.<br/>En esta perspectiva se inscribe la investigación acción participativa porque trata de promover la concienciación de los sujetos y el empoderamiento de las comunidades para el cambio. La coincidencia con el propósito de nuestra teología, en su deseo de procurar formar sociales mas justas y humanas, en el camino hacia una escatología que busque la liberación plena del ser humano, nos ha llevado a explorar si la investigación acción participativa podría ser un método válido para hacer teología.
650 #7 - ASIENTO SECUNDARIO DE MATERIA - TERMINO TEMÁTICO
9 (RLIN) 449
Término temático o nombre geográfico como elemento de entrada Teología de la liberación
653 ## - TÉRMINO DE INDIZACIÓN - NO CONTROLADO
Término no controlado Investigación acción participación
653 ## - TÉRMINO DE INDIZACIÓN - NO CONTROLADO
Término no controlado Lectura contextual de la biblia
653 ## - TÉRMINO DE INDIZACIÓN - NO CONTROLADO
Término no controlado Concienciación
653 ## - TÉRMINO DE INDIZACIÓN - NO CONTROLADO
Término no controlado Praxis sociopolítica
700 ## - ENTR. SECUNDARIA - Nombre Personal (R)
Nombre de persona Suárez Medina, Gabriel Alfonso
Término indicativo de función autor
700 ## - ENTR. SECUNDARIA - Nombre Personal (R)
Nombre de persona Martinez Morales, Victor M.
Término indicativo de función autor
773 0# - ASIENTO DE ITEM FUENTE
Biblionumber 49424
Itemnumber 76096
Lugar, editorial y fecha de publicación Bogotá
Otro identificador del ítem R1632
Título Theologica Xaveriana
Número de control del registro (CO-MdFUSB)63
Número Internacional Normalizado para Publicaciones Seriadas (ISSN) 0120-3649
Parte(s) relacionada(s) / Volumen., número. (mes año), páginas Volumen 67. Número 183 (2001), páginas 141-161
Enumeración y primera página Página 141
942 ## - TIPO DE MATERIAL (KOHA)
Tipo de Item KOHA Artículos de Revista
Existencias
Expurgo - (Retirado) Estado de Perdido Estado de Dañado No prestable Colección Ubicación habitual Ubicación actual Ubicación en Estantería Fecha de Adquisición Tipo de Material
        Colección de Hemeroteca Biblioteca FUSBC Biblioteca FUSBC Hemeroteca 22/08/2017 Artículos de Revista

Biblioteca FUSBC | Teléfono: (57+4) 349 88 10 Ext. 141| WhatsApp (+57) 3005338115 
E-mail: biblioteca@unisbc.edu.co | Calle 76 87-14 Robledo Palenque, Medellín, Colombia

Con tecnología Koha